|
|
|
|
| LEADER |
00000nam a2200000 a 4500 |
| 001 |
vtls001083912 |
| 003 |
SK-MaSNL |
| 005 |
20260302030833.0 |
| 008 |
250414s1986 xo 0 slo |
| 015 |
|
|
|a SNBA1987/04
|
| 035 |
|
|
|a SNK000026750
|
| 040 |
|
|
|a SNK
|b slo
|c SNK
|e AACR2
|
| 041 |
0 |
|
|a slo
|
| 044 |
|
|
|a xo
|c SK
|
| 080 |
|
|
|a 631.153.3(075.8)
|2 1981
|
| 100 |
1 |
|
|a Demo, Milan,
|d 1931-2013
|4 aut
|9 191242
|
| 245 |
1 |
0 |
|a Poľnohospodárske sústavy
|c Milan Demo
|
| 250 |
|
|
|a 1. vyd.
|
| 260 |
|
|
|a Nitra
|b Vysoká škola poľnohospodárska
|c 1986
|e Nitra
|f Edičné stredisko VŠP
|
| 300 |
|
|
|a 298 s., 23,38 AH
|b Tb. Sch.
|c 29 cm
|
| 366 |
|
|
|e 70 výtl.
|
| 500 |
|
|
|a Lit. 29. Schválil Rektor VŠP v Nitre ako skriptá. Rozmn. 29 zázn. v slov., češ. a maď.
|
| 852 |
|
|
|a Slovenská národná knižnica
|
| 954 |
|
|
|a sústavy poľnohospodárske
|
| 958 |
|
|
|a OND
|
| 958 |
|
|
|a NB
|
| 958 |
|
|
|a RM
|
| 958 |
|
|
|a UV
|
| 999 |
|
|
|c 1049413
|d 1051343
|
| 952 |
|
|
|t P60, <04>, [BOOK], {604}
|a SNK
|b SNK
|y VYP
|7 0
|p 17A0119418
|o snkSB 41393 D1
|0 0
|1 0
|4 0
|d 1998-01-19
|l 0
|r 2004-12-31 00:00:00
|w 2026-02-24
|
| 952 |
|
|
|a SNK
|b SNK
|y PREZ
|7 0
|p 17A0835762
|o snkSB 41393
|0 0
|1 0
|4 0
|d 2012-05-12
|f 1
|l 0
|r 2025-04-29 00:00:00
|w 2026-02-24
|